Sobre democracia y educación : (Registro nro. 29969)

Detalles MARC
000 -LEADER
fixed length control field 01314nam a2200301Ia 4500
003 - CONTROL NUMBER IDENTIFIER
control field CO-CtgCURN
005 - DATE AND TIME OF LATEST TRANSACTION
control field 20250410161406.0
008 - FIXED-LENGTH DATA ELEMENTS--GENERAL INFORMATION
fixed length control field 190724s2006 xx g 000 0 spa d
020 ## - INTERNATIONAL STANDARD BOOK NUMBER
International Standard Book Number 8449318602
040 ## - CATALOGING SOURCE
Original cataloging agency CO-CtgCURN
Language of cataloging spa
Transcribing agency coctgcurn
082 ## - DEWEY DECIMAL CLASSIFICATION NUMBER
Classification number 371.115
Item number C548
100 ## - MAIN ENTRY--PERSONAL NAME
Personal name Chomsky, Noam
Dates associated with a name 1928-
9 (RLIN) 2320
245 #0 - TITLE STATEMENT
Title Sobre democracia y educación :
Remainder of title escritos sobre las instituciones educativas y el lenguaje en las aulas /
Statement of responsibility, etc. Noam Chomsky;comp., C. P. Otero; traducción., Eugenia Vázquez Nacarino;Miguel Martínez-Lage
260 ## - PUBLICATION, DISTRIBUTION, ETC.
Place of publication, distribution, etc. Barcelona, España :
Name of publisher, distributor, etc. Paidos,
Date of publication, distribution, etc. 2006
300 ## - PHYSICAL DESCRIPTION
Extent 313 páginas ;
Dimensions 23 centímetros
490 ## - SERIES STATEMENT
Series statement Paidos Estado y sociedad;
Volume/sequential designation 129
500 ## - GENERAL NOTE
General note Titulo original : Chomsky on democracy and education
504 ## - BIBLIOGRAPHY, ETC. NOTE
Bibliography, etc. note Incluye referencias bibliográficas (p.271-304)
505 ## - FORMATTED CONTENTS NOTE
Formatted contents note Las instituciones educativas -- El lenguaje en el aula
521 ## - TARGET AUDIENCE NOTE
Target audience note AREA SOCIOHUMANISTICA
590 ## - LOCAL NOTE (RLIN)
Local note Programa de Enfermería_27
650 ## - SUBJECT ADDED ENTRY--TOPICAL TERM
Topical term or geographic name entry element Filosofía de la educación
9 (RLIN) 2321
700 ## - ADDED ENTRY--PERSONAL NAME
Personal name Vázquez Nacarino, Eugenia
Relator term traductora
9 (RLIN) 3133
700 ## - ADDED ENTRY--PERSONAL NAME
Personal name Martínez-Lage, Miguel
Relator term traductor
9 (RLIN) 3134
942 ## - ADDED ENTRY ELEMENTS (KOHA)
Koha item type Libros
Classification part 371.115
Item part C548
Source of classification or shelving scheme Dewey Decimal Classification
Suppress in OPAC No
Existencias
Withdrawn status Lost status Source of classification or shelving scheme Damaged status Not for loan Collection Home library Current library Shelving location Date acquired Source of acquisition Inventory number Total checkouts Full call number Barcode Date last seen Copy number Price effective from Koha item type Public note
    Dewey Decimal Classification       Miguel Henríquez Castañeda Barranquilla Miguel Henríquez Castañeda Barranquilla General 05/23/2018 Compra OC-01-021-15 04042   371.115 C548 04042 07/25/2019 ej.1 07/25/2019 Libros Compra OC-01-021-15 IP 2015
    Dewey Decimal Classification       Miguel Henríquez Castañeda Barranquilla Miguel Henríquez Castañeda Barranquilla General 05/23/2018 Compra OC-01-021-15 04043   371.115 C548 04043 07/25/2019 ej.2 07/25/2019 Libros Compra OC-01-021-15 IP 2015